002260000a220007300045001000032000002450057000323000049000897730014001381 aMaldonado, Luis (1860-1926)10aLa liturgia de la iglesia entre el hoy y el mañana avol 138, núm 139 (1978), Páginas 369-3860 tConcilium